00722nam a2200193 i 450000100060000000300090000600500170001500700030003200800410003510000520007624500570012826000620018530000220024749000410026983000490031085200320035999900170039195201200040829643ES-MaACL20230906154052.0t|030122s1943 sp ||||1| spa d1 aBallesteros Gaibrois, Manuel,d1911-200292505610aCristóbal Colón / cManuel Ballesteros Gaibrois. aMadrid : bEditora Nacional, c1943 (fGráficas Uguina) a202 p. ; c17 cm.1 aBreviarios del pensamiento español0 aBreviarios del pensamiento español9180739 aES-MaACLjB-10175 bR.20584 c29643d29643 00104070aATENEOMbATENEOMcSPBd2008-01-17eSCl0oB-10175p1030605r2023-02-23 00:00:00w2023-02-23yMONOGRAFIA